Airlines represented in the Schabak toy plane line - Statistics

General Stats
  • This quiz has been taken 191 times
    185 since last reset
  • The average score is 54 of 248
Answer Stats
Hint Answer % Correct
112 American Trans Air |ATA
90%
32 Gulf Air
90%
124 Kar Air
90%
134 Korean AIr
90%
56 Lauda Air
90%
99 US Air
90%
7 Pan Am
88%
21 Delta
87%
1 Lufthansa
87%
29 American
83%
3. Air France
81%
28 Qantas
81%
14 British Airways
80%
117 Emirates
78%
198 Ryanair
76%
22 El Al
75%
11 Japan Airlines|JAL
74%
5 KLM
74%
77 CAAC|Air China
73%
23 United
70%
19 Air Canada
68%
44 Swiss
68%
111 Qatar
67%
158 TUR
67%
108 Air India
66%
160 Southwest
65%
39 Turkish|THY
65%
139 Aeroflot
63%
105 China|cCAL
63%
51 Singapore
61%
16 SAS
59%
20 Iberia
58%
97 Aer Lingus
57%
79 Air New Zealand|TEAL
56%
49 Thai
56%
65 Malaysia|MAS
54%
15 Alitalia
51%
228 Etihad
51%
8 South African|SAA
51%
104 Alaska
49%
13 Austrian
49%
50 Cathay
49%
71 Easy Jet
49%
31 Saudi Arabian|Saudia
46%
96 Ethiopian
45%
144 LOT
43%
120 Aeromexico
42%
26 TAP Air Portugal
42%
154 Vietnam
42%
121 Hawaiian
41%
127 Virgin Atlantic
41%
88 ANA|All Nippon
40%
6 Sabena/SN Brussels/Brussels Airlines
40%
59 Finnair|Finnviation
38%
179 Egypt Air
36%
37 Northwest|NWA
35%
128 America West
34%
119 Kuwait
33%
64 Garuda
32%
176 China Eastern
31%
175 China Southern
31%
2 Condor/Thomas Cook
31%
72 Icelandair
31%
98 Air Pacific|f]Fiji Airways
30%
38 ALIA|Royal Jordanian
30%
35 Air Malta
29%
46 Continental
29%
10 Trans World|TWA
29%
200 Frontier
28%
95 Lan Chile|Latam Chile
28%
90 Philippines
27%
218 Ukraine
25%
140 Avianca
24%
185 Croatia
24%
111 German Wings
24%
92 RFG|Eurowings
23%
180 Air Berlin
22%
94 Air Lanka|Sri Lankan
22%
73 Canadian|CPA
22%
156 Eva
22%
191 Latam Brasil|Latam Brazil|TAM
22%
163 Cyprus
21%
116 Olympic
21%
25 Pakistan international PIA
21%
162 Asiana
20%
24 Eastern
20%
190 Iran Air
20%
17 Luxair
20%
186 TUI
20%
127 Virgin Blue|Virgin Australia
20%
76 Aerolineas Argentinas
19%
113 Air Jamaica
19%
40 BWIA|Caribbean
19%
211 Go
19%
157 Oman Air
19%
141 Air Austral
18%
66 Fed Ex|Federal Express
17%
33 Boeing
16%
106 Brirish Overseas|BOAC
15%
145 Cubana
15%
147 Mexicana
15%
227 Middle East|MEA
15%
118 Roya Air Maroc|RAMl
15%
83 SAAB|Fairchild
15%
47 Air Cal
14%
36 Iraqi
14%
201 Uzbekistan
14%
122 British Midland|BMI
13%
173 Edelweiss
13%
4 Swissair
13%
42 United Parcel Service|UPS
13%
48 Western
13%
137 Air Inter
12%
166 Aloha
12%
177 Armenian
12%
27 British Caledonian|BCAL|Caledonian
12%
143 CSA/Czech Airlines
12%
130 DHL
12%
217 Hainan
12%
133 Royal Brunei
12%
192 Shanghai
12%
189 Transavia
12%
210 Tunisair
12%
12 Varig
12%
67 Ansett
11%
45 Braniff
11%
103 Malev
11%
87 Air Atlantic
10%
220 Air Do
10%
136 Air Madagascar
10%
164 Air Nippon |ANK
10%
110 Interflug
9%
161 Spanair
9%
101 Syrian Arab Airlines|Syrianair
9%
209 TACA
9%
226 Air Arabia
8%
115 Bangkok
8%
27 Caledonian
8%
167 Dragonair
8%
159 National
8%
107 UTA
8%
? Volaris|Vuela Mex
8%
14 British European|BEA
7%
53 German Cargo
7%
74 TOA|JAS|jJapan Air System
7%
152 Air Belgium
6%
183 Air Seychelles
6%
148 Air Tanzania
6%
68 Buzz
6%
18 Hapag Lloyd|HLX
6%
30 LTU
6%
43 Martinair
6%
174 Martinair|Martin's Air Charter
6%
101 Nippon Cargo|NCA
6%
204 People Express
6%
84 Piedmont
6%
34 SAT}Germania
6%
129 Sun Express
6%
223 Transaero
6%
171 Western Pacific
6%
114 Air Holland
5%
188 Air Namibia|Namibair
5%
169 Lithuanian
5%
194 Tyrolean
5%
61 Aero Lloyd|Aeroflight
4%
165 Aeroperu
4%
132 Air Charter
4%
54 Air Macau
4%
102 Air Niugini
4%
178 Air Outre Mer|AOM
4%
60 ATI
4%
182 Atlantic Southeast|ASA
4%
55 Balair
4%
125 Binter Canarias
4%
52 Cargolux
4%
170 Comair
4%
80 Crossair
4%
155 Japan Asia
4%
100 Libyan Arab
4%
85 Luftwaffe 01
4%
51 Malaysian|zmAS
4%
172 Mandarin
4%
149 Meridiana
4%
184 Midway
4%
135 Minerve
4%
89 North American
4%
152 Reno Air
4%
224 SATA
4%
150 TAT|Transport Aerien Transregional
4%
42 TNT
4%
183 VASP
4%
78 Viasa
4%
82 Aerospatiale
3%
58 African Safari
3%
142 Air 2000
3%
216 Air Afrique
3%
212 Air Dolomiti
3%
207 Air Kazakhstan
3%
196 Alliance
3%
122B BMI Baby
3%
57 Braathens
3%
91 Busy Bee
3%
214 Deutsche BA
3%
69 DLT|Lufthansa Cityline
3%
83 East Line
3%
146 Ecuatoriana
3%
41 Emery
3%
93 Euroberlin
3%
54 Flying Tigers
3%
158 Guyana
3%
187 Harlequin
3%
206 Japanese One|JADSF
3%
75 LTS|LTE
3%
205 New York Air
3%
62 NFD
3%
68 NLM
3%
197 Overseas National|ONA
3%
181 Ozark
3%
202 Palestinian
3%
185 Pepsi
3%
44 Scanair
3%
222 Sibir
3%
219 Skymark
3%
199 Swiss World
3%
123 TEA
3%
115 Tradewinds
3%
208 Trans Brazil|Trans Brasil
3%
131 Trump Shuttle
3%
86 USAF
3%
100 Wardair
3%
71 Worldways
3%
87 Yes
3%
221 Aerosvit
2%
203 Air Littoral
2%
109 Corseair
2%
89 Dutch Dakota Association|DDA
2%
69 Kras Air
2%
168 Muse Air
2%
126 Rio Sul
2%
63 Sterling
2%
151 Suriname
2%
? Air Domodevovo
1%
81 Flygande Veteranier
1%
70 Linjeflug
1%
213 Panagra
1%
215 Pulkovo
1%
81 Russian Government
1%
142 Trans Caribbean
1%
No matching quizzes found
Score Distribution
Percent of People with Each Score
Percentile by Number Answered
Your Score History
You have not taken this quiz since the last reset